[Event "4NCL/Div1/BIG-NWE"]
[Site "Rd8-Birmingham"]
[Date "2000.03.26"]
[Round "8.4"]
[White "Sheldon, Ruth"]
[Black "McShane, Luke"]
[Result "1/2-1/2"]
[WhiteElo "2281"]
[BlackElo "2438"]
[PlyCount "110"]
[EventDate "2000.03.26"]
[SourceDate "2000.01.01"]

1. d4 Nf6 2. c4 g6 3. Nc3 Bg7 4. e4 d6 5. Be2 O-O 6. Nf3 e5 7. d5 a5 8. Bg5 Na6
9. Nd2 h6 10. Be3 Nd7 11. a3 f5 12. f3 Rb8 13. Rb1 c5 14. O-O f4 15. Bf2 Qe7
16. Na2 Bf6 17. Qe1 h5 18. b4 axb4 19. axb4 g5 20. Nb3 Kh8 21. bxc5 Ndxc5 22.
Nb4 Bd7 23. Nxa6 Nxa6 24. Qa5 g4 25. Bb6 Bh4 26. Rfc1 Bg3 27. hxg3 fxg3 28. Nd2
Qh4 29. Nf1 gxf3 30. Bxf3 Bg4 31. Rb3 Bxf3 32. gxf3 Rf4 33. Qd2 g2 34. Nh2 Rg8
35. Bf2 Qe7 36. Qb2 Nc5 37. Bxc5 dxc5 38. Rb6 Qg5 39. Re6 Rxe4 40. Rd1 Rd4 41.
Re1 Qf4 42. Ng4 hxg4 43. R1xe5 Rd1+ 44. Re1+ Qd4+ 45. Qxd4+ Rxd4 46. Kxg2 Rxc4
47. Re7 Rg7 48. d6 Rd4 49. R1e6 Kg8 50. Rc7 gxf3+ 51. Kxf3 Rf7+ 52. Ke3 Kg7 53.
Ree7 Rxe7+ 54. dxe7 Kf7 55. Rxb7 Ke8 1/2-1/2

[Event "4NCL/Div1/BIG-NWE"]
[Site "Rd8-Birmingham"]
[Date "2000.03.26"]
[Round "8.5"]
[White "Ferguson, Mark"]
[Black "Lund, Brett"]
[Result "0-1"]
[WhiteElo "2371"]
[BlackElo "2291"]
[PlyCount "78"]
[EventDate "2000.03.26"]
[SourceDate "2000.01.01"]

1. e4 c5 2. Nf3 e6 3. c4 Nc6 4. Nc3 e5 5. g3 g6 6. Bg2 Bg7 7. O-O Nge7 8. d3
O-O 9. Ne1 d6 10. f4 Nd4 11. Nc2 Rb8 12. Ne3 exf4 13. Rxf4 a6 14. a4 b5 15.
axb5 axb5 16. cxb5 Be6 17. Nc4 d5 18. exd5 Nxd5 19. Nxd5 Bxd5 20. Bxd5 Qxd5 21.
b6 Rbe8 22. Ne3 Qc6 23. Rf2 Qxb6 24. Nc4 Qc6 25. Bf4 Re6 26. Qf1 Rfe8 27. Qg2
Qd7 28. Kh1 Nb3 29. Rd1 Bd4 30. Rff1 Re2 31. Qf3 Bg7 32. Be3 Nd4 33. Bxd4 Bxd4
34. Nd6 Qxd6 35. Qxf7+ Kh8 36. Qb7 R2e7 37. Qf3 Re6 38. Qb7 Qc6+ 39. Qxc6 Rxc6
0-1

[Event "4NCL/Div1/BIG-NWE"]
[Site "Rd8-Birmingham"]
[Date "2000.03.26"]
[Round "8.6"]
[White "James, Dale"]
[Black "Baker, Chris W"]
[Result "0-1"]
[WhiteElo "2239"]
[BlackElo "2357"]
[PlyCount "54"]
[EventDate "2000.03.26"]
[SourceDate "2000.01.01"]

1. e4 e6 2. Nf3 d5 3. e5 c5 4. c4 Ne7 5. Nc3 d4 6. Nb5 Ng6 7. Bd3 Nc6 8. Bxg6
hxg6 9. d3 a6 10. Na3 Be7 11. Bf4 g5 12. Bg3 f5 13. exf6 gxf6 14. Nb1 e5 15.
Nbd2 Bf5 16. Ne4 Bg4 17. h3 Qd7 18. Bh2 Bh5 19. g4 Bg6 20. Ng1 Bxe4 21. dxe4 d3
22. b3 Qd4 23. f3 Nb4 24. Rb1 Nc2+ 25. Kd2 Bd8 26. Kc1 Ba5 27. Rb2 Ne3 0-1

[Event "4NCL/Div1/BIG-NWE"]
[Site "Rd8-Birmingham"]
[Date "2000.03.26"]
[Round "8.7"]
[White "Cooper, Lawrence"]
[Black "Merriman, John"]
[Result "1-0"]
[WhiteElo "2338"]
[BlackElo "2250"]
[PlyCount "85"]
[EventDate "2000.03.26"]
[SourceDate "2000.01.01"]

1. e4 e6 2. d4 d5 3. Nd2 Nf6 4. e5 Nfd7 5. f4 c5 6. c3 Nc6 7. Ndf3 Qb6 8. h4 f6
9. a3 a5 10. g3 Be7 11. Bh3 Nf8 12. Kf2 Bd7 13. Kg2 a4 14. Ne2 Na5 15. exf6
gxf6 16. f5 Nb3 17. Rb1 Nxc1 18. Qxc1 cxd4 19. fxe6 Nxe6 20. Nfxd4 O-O-O 21.
Bxe6 Bxe6 22. Qe3 Bg4 23. Qxe7 Rhe8 24. Qb4 Qxb4 25. axb4 Bxe2 {(=)} 26. Rhe1
Bd3 27. Ra1 Rxe1 28. Rxe1 Kd7 29. Kf2 Be4 30. Ra1 Ra8 31. Ra3 Kd6 32. b3 Ke5
33. bxa4 Rc8 34. Ke3 Rg8 35. Ne2 Ra8 36. a5 Kf5 37. b5 Kg4 38. a6 bxa6 39. bxa6
Re8 40. Nd4 Kxg3 41. a7 Ra8 42. Nb5 f5 43. Kd4 1-0

[Event "4NCL/Div1/BIG-NWE"]
[Site "Rd8-Birmingham"]
[Date "2000.03.26"]
[Round "8.8"]
[White "Tebb, David"]
[Black "Hadzimanolis, Antonis"]
[Result "1/2-1/2"]
[WhiteElo "2272"]
[BlackElo "2224"]
[PlyCount "57"]
[EventDate "2000.03.26"]
[SourceDate "2000.01.01"]

1. e4 e5 2. Nf3 Nc6 3. Bb5 a6 4. Ba4 Nf6 5. O-O Be7 6. Re1 b5 7. Bb3 O-O 8. a4
Bb7 9. d3 d6 10. Nbd2 Na5 11. Ba2 c5 12. Nf1 Qc7 13. Ne3 g6 14. Bd2 Nc6 15. c3
Nb8 16. h3 Nbd7 17. Nh2 c4 18. Nhg4 cxd3 19. Nh6+ Kh8 20. Nxf7+ Rxf7 21. Bxf7
Bxe4 22. axb5 axb5 23. Qb3 Kg7 24. Rxa8 Bxa8 25. Qa2 Nb6 26. Be6 Ne4 27. Rd1
Bh4 28. Be1 d2 29. Rxd2 1/2-1/2

[Event "4NCL/Div1/BR-BAR"]
[Site "Rd8-Birmingham"]
[Date "2000.03.26"]
[Round "8.1"]
[White "Pert, Nick"]
[Black "Ansell, Simon"]
[Result "1/2-1/2"]
[WhiteElo "2396"]
[BlackElo "2383"]
[PlyCount "64"]
[EventDate "2000.03.26"]
[SourceDate "2000.01.01"]

1. d4 Nf6 2. Nf3 d5 3. c4 c6 4. Qc2 dxc4 5. Qxc4 Bf5 6. g3 e6 7. Bg2 Be7 8. O-O
O-O 9. Qb3 Qb6 10. Nbd2 Nbd7 11. Nc4 Qxb3 12. axb3 Be4 13. Bf4 Bd5 14. Rfc1 Ne4
15. Ne1 c5 16. Bxe4 Bxe4 17. Bd6 Bxd6 18. Nxd6 Bc6 19. dxc5 a5 20. Nd3 e5 21.
b4 e4 22. b5 exd3 23. bxc6 bxc6 24. exd3 Rfb8 25. Ra2 Rb4 26. Re1 g6 27. Re4
Rxe4 28. dxe4 Nxc5 29. b4 Nb3 30. Nc4 a4 31. Na5 Nd4 32. Rxa4 Nc2 1/2-1/2

[Event "4NCL/Div1/BR-BAR"]
[Site "Rd8-Birmingham"]
[Date "2000.03.26"]
[Round "8.2"]
[White "Sherwin, James"]
[Black "Crouch, Colin"]
[Result "1-0"]
[WhiteElo "2369"]
[BlackElo "2424"]
[PlyCount "77"]
[EventDate "2000.03.26"]
[SourceDate "2000.01.01"]

1. d4 Nf6 2. c4 e6 3. Nf3 b6 4. a3 Bb7 5. Nc3 Ne4 6. Qc2 Nxc3 7. Qxc3 Be7 8. e3
Bf6 9. Qc2 c5 10. dxc5 bxc5 11. Be2 Nc6 12. Rb1 Qc7 13. O-O h5 14. b4 cxb4 15.
axb4 Rc8 16. Bd2 Ne7 17. Rfc1 e5 18. Be1 e4 19. Nd2 Be5 20. h3 f5 21. c5 Rh6
22. Nc4 f4 23. Bc3 Bxc3 24. Qxc3 Nf5 25. exf4 Qxf4 26. Rd1 Ba8 27. Ra1 Rc7 28.
g3 Qg5 29. Qe5+ Kd8 30. Nd6 Rxd6 31. cxd6 Rc2 32. Rxa7 Bc6 33. Rda1 Rc1+ 34.
Kh2 Rxa1 35. Rxa1 h4 36. g4 Qd2 37. Qxf5 Qxd6+ 38. Kg1 e3 39. Qg5+ 1-0

[Event "4NCL/Div1/BR-BAR"]
[Site "Rd8-Birmingham"]
[Date "2000.03.26"]
[Round "8.3"]
[White "Collinson, Adam"]
[Black "Ledger, David"]
[Result "1/2-1/2"]
[WhiteElo "2405"]
[BlackElo "2285"]
[PlyCount "29"]
[EventDate "2000.03.26"]
[SourceDate "2000.01.01"]

1. e4 e5 2. Nf3 Nc6 3. d4 exd4 4. Nxd4 Nf6 5. Nxc6 bxc6 6. Nd2 d5 7. exd5 cxd5
8. Bb5+ Bd7 9. Bxd7+ Qxd7 10. O-O Be7 11. c4 O-O 12. cxd5 Nxd5 13. Ne4 f5 14.
Nc3 c6 15. Bf4 1/2-1/2

[Event "4NCL/Div1/BR-BAR"]
[Site "Rd8-Birmingham"]
[Date "2000.03.26"]
[Round "8.4"]
[White "Buckley, Simon"]
[Black "Dishman, Stephen"]
[Result "0-1"]
[WhiteElo "2270"]
[BlackElo "2364"]
[PlyCount "76"]
[EventDate "2000.03.26"]
[SourceDate "2000.01.01"]

1. e4 c5 2. Nf3 Nc6 3. d4 cxd4 4. Nxd4 g6 5. c4 Bg7 6. Be3 Nf6 7. Nc3 O-O 8.
Be2 d6 9. Qd2 Bd7 10. O-O Nxd4 11. Bxd4 Bc6 12. f3 Nd7 13. Be3 a5 14. Rac1 a4
15. Rfd1 Qa5 16. Kh1 Rfc8 17. Rc2 Nc5 18. Rdc1 Nb3 19. Qd1 Nxc1 20. Qxc1 e6 21.
a3 Rd8 22. Qg1 Qh5 23. Qf2 f5 24. f4 Qh6 25. Bb6 Rd7 26. Be3 Bxc3 27. Rxc3 Bxe4
28. Bd4 e5 29. Be3 Qg7 30. h4 Rc8 31. Bc1 d5 32. cxd5 Rxc3 33. bxc3 Bxd5 34.
Qc5 Qe7 35. Qf2 Rc7 36. h5 exf4 37. Bxf4 Rxc3 38. Qd4 Be4 0-1

[Event "4NCL/Div1/BR-BAR"]
[Site "Rd8-Birmingham"]
[Date "2000.03.26"]
[Round "8.5"]
[White "Knott, Simon"]
[Black "Moskovic, David"]
[Result "1-0"]
[WhiteElo "2351"]
[BlackElo "2247"]
[PlyCount "81"]
[EventDate "2000.03.26"]
[SourceDate "2000.01.01"]

1. c4 g6 2. d4 Bg7 3. Nc3 c5 4. d5 Bxc3+ 5. bxc3 f5 6. h4 Qa5 7. Bd2 Nf6 8. h5
Rg8 9. hxg6 hxg6 10. a4 d6 11. Qb1 Nbd7 12. f3 Nb6 13. e4 e5 14. exf5 Bxf5 15.
Qb5+ Qxb5 16. axb5 Bc2 17. Ra3 a6 18. Bg5 Kf7 19. Kd2 Ba4 20. bxa6 bxa6 21. Nh3
Bd7 22. Nf2 Rg7 23. Bd3 Rh7 24. Rb1 Nc8 25. Rb7 Ra7 26. Rxa7 Nxa7 27. Rxa6 Nc8
28. g4 Rh2 29. Ke1 Rh8 30. Kf1 Re8 31. Ne4 Nxe4 32. Bxe4 Rh8 33. Kg2 Kg7 34.
Bc2 Re8 35. Kg3 Kf7 36. Ra1 Nb6 37. Ra7 Rb8 38. Bd3 Kg7 39. f4 Ra8 40. Rb7 Ra6
41. Bd8 1-0

[Event "4NCL/Div1/BR-BAR"]
[Site "Rd8-Birmingham"]
[Date "2000.03.26"]
[Round "8.6"]
[White "Hanley, Craig"]
[Black "Rogers, Jonathan"]
[Result "1/2-1/2"]
[WhiteElo "2231"]
[BlackElo "2340"]
[PlyCount "44"]
[EventDate "2000.03.26"]
[SourceDate "2000.01.01"]

1. c4 e6 2. Nf3 f5 3. g3 Nf6 4. Bg2 Be7 5. O-O O-O 6. b3 a5 7. Nc3 d5 8. Bb2
Nbd7 9. Rc1 c6 10. d3 Nc5 11. Qc2 Bd7 12. Ne5 Be8 13. e3 b5 14. Ne2 Bd6 15.
Rfd1 b4 16. Bd4 Na6 17. cxd5 cxd5 18. Nf4 Qe7 19. Nc6 Qf7 20. Ne5 Qe7 21. Nc6
Qf7 22. Ne5 Qe7 1/2-1/2

[Event "4NCL/Div1/BR-BAR"]
[Site "Rd8-Birmingham"]
[Date "2000.03.26"]
[Round "8.7"]
[White "Palliser, Richard"]
[Black "Collier, David"]
[Result "1/2-1/2"]
[WhiteElo "2322"]
[BlackElo "2215"]
[PlyCount "97"]
[EventDate "2000.03.26"]
[SourceDate "2000.01.01"]

1. d4 Nf6 2. c4 e6 3. Nc3 Bb4 4. Qc2 c5 5. dxc5 Na6 6. a3 Qa5 7. Bd2 Nxc5 8.
Rd1 Bxc3 9. Bxc3 Qa4 10. Qxa4 Nxa4 11. Be5 b6 12. f3 Ke7 13. e4 Ne8 14. b3 d6
15. Ba1 Nc5 16. b4 Nd7 17. Ne2 Ba6 18. Nd4 Rc8 19. c5 Bxf1 20. cxd6+ Nxd6 21.
Rxf1 e5 22. Ne2 Nc4 23. Rd3 Nf6 24. Kf2 Rhd8 25. Rfd1 Rxd3 26. Rxd3 Rd8 27.
Rxd8 Kxd8 28. a4 Ne8 29. Nc1 f6 30. Nd3 a6 31. f4 exf4 32. Nxf4 Kd7 33. Ke2 Nc7
34. h4 Kd6 35. Nh5 Ne6 36. Ng3 a5 37. Nf5+ Kc6 38. Bc3 axb4 39. Bxb4 Nb2 40. a5
bxa5 41. Bxa5 Kc5 42. Bc3 Na4 43. Ba1 Kc4 44. e5 fxe5 45. Bxe5 g6 46. Ne3+ Kc5
47. Ng4 Nb6 48. Nf6 Nf8 49. Kf3 1/2-1/2

[Event "4NCL/Div1/BR-BAR"]
[Site "Rd8-Birmingham"]
[Date "2000.03.26"]
[Round "8.8"]
[White "Buckley, Melanie"]
[Black "Lauterbach, Ingrid"]
[Result "1/2-1/2"]
[WhiteElo "2090"]
[BlackElo "2182"]
[PlyCount "121"]
[EventDate "2000.03.26"]
[SourceDate "2000.01.01"]

1. e4 d6 2. Nc3 g6 3. g3 Bg7 4. Bg2 e5 5. d3 c6 6. Nf3 Bg4 7. h3 Bxf3 8. Qxf3
Ne7 9. h4 h5 10. Bg5 Nd7 11. Bh3 f6 12. Be3 Qc7 13. d4 O-O-O 14. O-O-O Kb8 15.
d5 f5 16. Bg5 fxe4 17. Nxe4 Rdf8 18. Bxe7 Rxf3 19. Bxd6 cxd5 20. Bxc7+ Kxc7 21.
Rxd5 Nf6 22. Nxf6 Bxf6 23. Rd7+ Kb6 24. Rf1 Rd8 25. Rxd8 Bxd8 26. Bg2 Rf8 27.
Kd2 g5 28. hxg5 Bxg5+ 29. Ke2 h4 30. Rd1 hxg3 31. fxg3 Kc7 32. Rh1 Rf7 33. Be4
Bf6 34. Rh6 b6 35. Rg6 Be7 36. Rh6 Rg7 37. Kf3 Rf7+ 38. Ke2 Rg7 39. Kf3 Rf7+
40. Ke2 Rg7 41. Rh3 Bc5 42. c3 a5 43. Rh7 Rxh7 44. Bxh7 Kd6 45. Kf3 Ke6 46. Ke4
Bf2 47. g4 Kf6 48. Bf5 Bg3 49. a3 Bf4 50. Kd3 Bc1 51. Kc2 Be3 52. b4 axb4 53.
axb4 Kg5 54. Kd3 Bc1 55. c4 Kf4 56. c5 bxc5 57. bxc5 Ba3 58. c6 Bd6 59. Kc4 e4
60. Kd5 Bc7 61. Bxe4 1/2-1/2

[Event "4NCL/Div1/RIC-SWR"]
[Site "Rd8-Birmingham"]
[Date "2000.03.26"]
[Round "8.1"]
[White "Wall, Gavin"]
[Black "Davies, Nigel"]
[Result "1/2-1/2"]
[WhiteElo "2352"]
[BlackElo "2497"]
[PlyCount "61"]
[EventDate "2000.03.26"]
[SourceDate "2000.01.01"]

1. e4 c5 2. Nf3 e6 3. c3 Nf6 4. e5 Nd5 5. Na3 d6 6. Nc4 dxe5 7. Ncxe5 Be7 8. d4
O-O 9. Bc4 cxd4 10. Qxd4 f6 11. Nd3 Nc6 12. Qe4 Kh8 13. O-O Nb6 14. Bb3 e5 15.
Re1 Qc7 16. Qe2 Bd7 17. Nd2 Rae8 18. Nf1 Bd6 19. f3 f5 20. Nf2 Na5 21. Bc2 Be6
22. Bd2 Nac4 23. Bc1 Nd5 24. Bd3 Ncb6 25. Qc2 Nd7 26. Ng3 g6 27. Bh6 Rg8 28.
Qd2 N7f6 29. Rad1 Bc8 30. Bg5 Be7 31. Bb5 1/2-1/2

[Event "4NCL/Div1/RIC-SWR"]
[Site "Rd8-Birmingham"]
[Date "2000.03.26"]
[Round "8.2"]
[White "Mah, Karl"]
[Black "Bates, Richard"]
[Result "1/2-1/2"]
[WhiteElo "2412"]
[BlackElo "2368"]
[PlyCount "48"]
[EventDate "2000.03.26"]
[SourceDate "2000.01.01"]

1. d4 Nf6 2. c4 g6 3. Nc3 Bg7 4. e4 d6 5. f4 c5 6. d5 e6 7. Nf3 exd5 8. cxd5
O-O 9. Be2 Bg4 10. O-O Re8 11. e5 dxe5 12. fxe5 Bxf3 13. Bxf3 Rxe5 14. Bf4 Rf5
15. Qd2 h5 16. h3 h4 17. Bg4 Nxg4 18. hxg4 Bd4+ 19. Kh1 Rxd5 20. Nxd5 Qxd5 21.
Bxb8 Rxb8 22. Rf3 Re8 23. b3 Re7 24. Raf1 Kg7 1/2-1/2

[Event "4NCL/Div1/RIC-SWR"]
[Site "Rd8-Birmingham"]
[Date "2000.03.26"]
[Round "8.3"]
[White "Hinks-Edwards, Thomas"]
[Black "Lane, Gary"]
[Result "1-0"]
[WhiteElo "2291"]
[BlackElo "2449"]
[PlyCount "55"]
[EventDate "2000.03.26"]
[SourceDate "2000.01.01"]

1. e4 e5 2. Nf3 Nc6 3. Bb5 a6 4. Ba4 Nf6 5. O-O Bc5 6. Nxe5 Nxe5 7. d4 Nxe4 8.
Re1 Be7 9. Rxe4 Ng6 10. c4 O-O 11. Nc3 f5 12. Re1 d6 13. Bc2 c6 14. a4 Bf6 15.
a5 Rb8 16. Qd3 b5 17. axb6 Qxb6 18. Ne2 c5 19. dxc5 Qxc5 20. Be3 Qc7 21. Nf4
Bxb2 22. Rab1 Ne5 23. Qd5+ Kh8 24. c5 Bd7 25. Red1 Rf6 26. Qa2 Bc3 27. Qa3 Rxb1
28. Rxb1 {time} 1-0

[Event "4NCL/Div1/RIC-SWR"]
[Site "Rd8-Birmingham"]
[Date "2000.03.26"]
[Round "8.4"]
[White "Dunnington, Angus"]
[Black "Williams, Simon"]
[Result "0-1"]
[WhiteElo "2372"]
[BlackElo "2362"]
[PlyCount "80"]
[EventDate "2000.03.26"]
[SourceDate "2000.01.01"]

1. e4 c5 2. Nf3 d6 3. c3 Nf6 4. Be2 g5 5. Nxg5 Rg8 6. d4 h6 7. e5 dxe5 8. dxe5
Qxd1+ 9. Bxd1 hxg5 10. exf6 exf6 11. Na3 Be6 12. Nb5 Kd7 13. Bf3 Nc6 14. O-O a6
15. Rd1+ Kc8 16. Bxc6 bxc6 17. Nd6+ Kc7 18. Ne4 Bf5 19. Ng3 Bc2 20. Rd2 Bg6 21.
b3 Bd6 22. Ba3 Rad8 23. Rad1 Rge8 24. Nf1 Bh5 25. f3 Re6 26. Kf2 Rde8 27. Ng3
Bg6 28. Ne4 Bxe4 29. fxe4 g4 30. h3 g3+ 31. Kf3 f5 32. e5 Bxe5 33. Rd7+ Kb6 34.
Rxf7 Bxc3 35. Rxf5 Re3+ 36. Kf4 Bd4 37. Rxd4 cxd4 38. Bc5+ Kc7 39. Rf7+ Kc8 40.
Rg7 R8e4+ 0-1

[Event "4NCL/Div1/RIC-SWR"]
[Site "Rd8-Birmingham"]
[Date "2000.03.26"]
[Round "8.5"]
[White "Phillips, Roy"]
[Black "Dearing, Eddie"]
[Result "1/2-1/2"]
[WhiteElo "2257"]
[BlackElo "2263"]
[PlyCount "109"]
[EventDate "2000.03.26"]
[SourceDate "2000.01.01"]

1. d4 d5 2. c4 c6 3. Nc3 Nf6 4. Nf3 dxc4 5. a4 Bf5 6. e3 e6 7. Bxc4 Bb4 8. O-O
O-O 9. Qe2 Bg6 10. Ne5 Nbd7 11. Rd1 Qe7 12. Nxd7 Nxd7 13. e4 Rfd8 14. f3 c5 15.
d5 Nb6 16. a5 Bxc3 17. bxc3 Nxc4 18. Qxc4 exd5 19. exd5 Bc2 20. Rd2 Qe1+ 21.
Qf1 Qe3+ 22. Qf2 Qxc3 23. Ra3 Bb3 24. Bb2 Qb4 25. Qe3 c4 26. Qd4 f6 27. Ra1 Rd7
28. Bc3 Qb5 29. Qe4 Qc5+ 30. Kf1 Re7 31. Qd4 Qd6 32. g3 a6 33. Re1 Rxe1+ 34.
Kxe1 Rd8 35. Kf2 Re8 36. Kg2 Qd7 37. d6 Re5 38. Qg4 Qxg4 39. fxg4 Re8 40. d7
Rd8 41. Kf3 Ba4 42. Kf4 Rxd7 43. Rxd7 Bxd7 44. g5 Kf7 45. gxf6 gxf6 46. Ke4 Be6
47. Kd4 Kg6 48. Ke4 Kg5 49. h4+ Kg4 50. Bxf6 Kxg3 51. Kd4 h5 52. Kc3 Kg4 53.
Bd8 Kf5 54. Kd4 Bf7 55. Bb6 1/2-1/2

[Event "4NCL/Div1/RIC-SWR"]
[Site "Rd8-Birmingham"]
[Date "2000.03.26"]
[Round "8.6"]
[White "Dunworth, Chris"]
[Black "Franklin, Michael"]
[Result "0-1"]
[WhiteElo "2307"]
[BlackElo "2239"]
[PlyCount "120"]
[EventDate "2000.03.26"]
[SourceDate "2000.01.01"]

1. d4 Nf6 2. Bg5 d6 3. Bxf6 exf6 4. g3 g6 5. Bg2 Bg7 6. e3 Nd7 7. Ne2 f5 8. Nd2
Nf6 9. Nf4 c6 10. c3 h5 11. h4 O-O 12. d5 c5 13. a4 Re8 14. a5 Qc7 15. Nc4 Bd7
16. Qb3 Ng4 17. Nd3 Rab8 18. O-O Bf8 19. Ra2 b5 20. axb6 axb6 21. Nf4 Ne5 22.
Rfa1 Nxc4 23. Qxc4 b5 24. Qd3 b4 25. c4 Bg7 26. Qb3 Rb7 27. Bf3 Be5 28. Nd3 Bf6
29. Kg2 Kg7 30. Nc1 Reb8 31. Bd1 Qd8 32. Bf3 Qe7 33. Nd3 Qd8 {(=)} 34. Kf1 Kh6
35. Ke2 Qe7 36. Kd2 Be5 37. Ra6 Rc7 38. Nxe5 Qxe5 39. Qc2 f4 40. gxf4 Qf6 41.
Rh1 Bf5 42. Qb3 Re7 43. Raa1 Rbe8 44. Rae1 Ra8 45. Bd1 Rea7 46. Bc2 Ra2 47. Rb1
R8a3 48. bxa3 Rxc2+ 49. Ke1 Rc3 50. Qd1 Bxb1 51. Qxb1 bxa3 52. Kd2 Rxc4 53. Qb3
Rb4 54. Qxa3 Rb2+ 55. Kd3 Rxf2 56. Qa1 Qf5+ 57. Kc4 Rc2+ 58. Kb5 Qc8 59. Qa7
Qe8+ 60. Kb6 Rb2+ 0-1

[Event "4NCL/Div1/RIC-SWR"]
[Site "Rd8-Birmingham"]
[Date "2000.03.26"]
[Round "8.7"]
[White "Webb, Laurence"]
[Black "Barrett, Stephen"]
[Result "1-0"]
[WhiteElo "2241"]
[BlackElo "2234"]
[PlyCount "67"]
[EventDate "2000.03.26"]
[SourceDate "2000.01.01"]

1. e4 c5 2. Nf3 e6 3. c3 d5 4. e5 d4 5. Bb5+ Bd7 6. Qe2 Nc6 7. O-O Nge7 8. Na3
a6 9. Bd3 b5 10. cxd4 cxd4 11. Be4 Rc8 12. Nc2 Ng6 13. Ncxd4 Nxd4 14. Nxd4 Nxe5
15. Bb7 Rb8 16. Bxa6 Ng6 17. Bxb5 Nf4 18. Qe4 Rxb5 19. Nxb5 Bxb5 20. Qxf4 Bxf1
21. Qa4+ Ke7 22. Qb4+ Ke8 23. Qa4+ Ke7 24. Kxf1 Qd3+ 25. Kg1 Qe2 26. g3 Qe1+
27. Kg2 Qe5 28. d3 f6 29. Bf4 Qxb2 30. Qa7+ Ke8 31. Rc1 Be7 32. Rc8+ Bd8 33.
Bc7 Kd7 34. Rxd8+ 1-0

[Event "4NCL/Div1/RIC-SWR"]
[Site "Rd8-Birmingham"]
[Date "2000.03.26"]
[Round "8.8"]
[White "Forbes, Cathy"]
[Black "Lusher, Claire"]
[Result "0-1"]
[WhiteElo "2089"]
[BlackElo "1592"]
[PlyCount "79"]
[EventDate "2000.03.26"]
[SourceDate "2000.01.01"]

1. d4 d5 2. Nf3 Nf6 3. Bf4 c5 4. e3 Nc6 5. Be2 Qb6 6. Nc3 c4 7. Rb1 Bf5 8. O-O
e6 9. Nh4 Bg6 10. Nxg6 hxg6 11. a4 a6 12. h3 Be7 13. Na2 Qa5 14. b3 b5 15. bxc4
bxc4 16. c3 Ne4 17. Qc2 Bd6 18. Bxd6 Nxd6 19. Nb4 Kd7 20. f3 Rab8 21. Nxc6 Kxc6
22. e4 Qc7 23. Rb4 Rxb4 24. cxb4 Rb8 25. Rb1 Qb6 26. exd5+ exd5 27. Qc3 Nf5 28.
Bxc4 dxc4 29. Qxc4+ Kb7 30. Qxf7+ Ka8 31. Qd5+ Ka7 32. Kh2 Nxd4 33. Re1 Qc7+
34. Kh1 Rxb4 35. f4 Rxa4 36. Re4 Ra1+ 37. Kh2 Nf5 38. Rb4 Ra5 39. Qe6 Rb5 40.
Rc4 {time} 0-1

[Event "4NCL/Div1/WG1-IKHH"]
[Site "Rd8-Birmingham"]
[Date "2000.03.26"]
[Round "8.1"]
[White "Baburin, Alexander"]
[Black "Gallagher, Joe"]
[Result "1-0"]
[WhiteElo "2591"]
[BlackElo "2558"]
[PlyCount "74"]
[EventDate "2000.03.26"]
[SourceDate "2000.01.01"]

1. d4 Nf6 2. c4 g6 3. Nf3 Bg7 4. g3 c5 5. Nc3 cxd4 6. Nxd4 O-O 7. Bg2 Qc7 8.
Nd5 Nxd5 9. cxd5 e5 10. dxe6 dxe6 11. O-O Rd8 12. Qc2 Qxc2 13. Nxc2 Nc6 14. Bg5
Re8 15. Rab1 h6 16. Be3 Bd7 17. Rfd1 Red8 18. b3 Be8 19. Na3 Nb4 20. Bxb7 Rxd1+
21. Rxd1 Rb8 22. Bf3 Nxa2 23. Nc4 Nc3 24. Bxa7 Rc8 25. Nb6 Rc7 26. Bb8 Nxd1 27.
Bxc7 Nc3 28. Nc4 Bb5 29. e3 Nd5 30. Bd6 Bf6 31. h4 h5 32. Kg2 Bc3 33. Bc5 Kg7
34. Nd6 Bc6 35. Bd4+ Bxd4 36. exd4 Kf6 37. Ne4+ Ke7 {time} 1-0

[Event "4NCL/Div1/WG1-IKHH"]
[Site "Rd8-Birmingham"]
[Date "2000.03.26"]
[Round "8.3"]
[White "Ward, Chris"]
[Black "Hennigan, Michael"]
[Result "0-1"]
[WhiteElo "2509"]
[BlackElo "2456"]
[PlyCount "70"]
[EventDate "2000.03.26"]
[SourceDate "2000.01.01"]

1. e4 c5 2. Nc3 Nc6 3. Bb5 g6 4. Bxc6 bxc6 5. d3 Bg7 6. f4 d6 7. Nf3 Nf6 8. O-O
Nd7 9. f5 Ne5 10. Kh1 e6 11. Bg5 f6 12. Nxe5 dxe5 13. Be3 exf5 14. exf5 Bxf5
15. Bxc5 Bf8 16. Bxf8 Rxf8 17. Qf3 Qd7 18. Rae1 Kf7 19. g4 Bxg4 20. Qxf6+ Kg8
21. Qg5 Bf3+ 22. Kg1 Rf4 23. Qxe5 Rg4+ 24. Kf2 Rf8 25. Ke3 Re8 26. Qxe8+ Qxe8+
27. Kxf3 Qd7 28. Ne4 Kg7 29. Rf2 Rh4 30. Ke3 c5 31. Kd2 c4 32. Nf6 Qb7 33. Ree2
cxd3 34. cxd3 Qxb2+ 35. Ke1 Qc1# 0-1

[Event "4NCL/Div1/WG1-IKHH"]
[Site "Rd8-Birmingham"]
[Date "2000.03.26"]
[Round "8.4"]
[White "McDonald, Neil"]
[Black "Emms, John"]
[Result "1/2-1/2"]
[WhiteElo "2438"]
[BlackElo "2546"]
[PlyCount "110"]
[EventDate "2000.03.26"]
[SourceDate "2000.01.01"]

1. e4 c5 2. Nf3 Nc6 3. c3 Nf6 4. e5 Nd5 5. Bc4 Nb6 6. Bb3 d5 7. exd6 Qxd6 8. d4
cxd4 9. cxd4 Be6 10. O-O Bxb3 11. Qxb3 e6 12. Rd1 Qb4 13. Qe3 Be7 14. a3 Qd6
15. b4 O-O 16. Nbd2 Rfd8 17. Ne4 Qd5 18. Nc3 Qf5 19. Qe2 Bf6 20. Be3 Nd5 21.
Rac1 Nxc3 22. Rxc3 Rd5 23. Rc5 Rad8 24. b5 Ne7 25. a4 R8d7 26. Rdc1 h6 27. h3
Qe4 28. Nd2 Qg6 29. Nf3 b6 30. Rc7 Nf5 31. Qc2 Nxd4 32. Bxd4 Rxc7 33. Qxc7 Bxd4
34. Nxd4 Rxd4 35. Qxa7 Kh7 36. a5 Qg5 37. Qc7 Qxb5 38. axb6 Rb4 39. Qc2+ f5 40.
g4 Rb2 41. Qc5 Qxc5 42. Rxc5 fxg4 43. hxg4 Rxb6 44. Kg2 Kg6 45. Kg3 Kf6 46. f3
Rd6 47. Ra5 g6 48. Ra7 Rd5 49. Rh7 h5 50. gxh5 gxh5 51. Rh6+ Kf7 52. f4 Rd3+
53. Kg2 Rd4 54. Kg3 Rd3+ 55. Kg2 Rd5 1/2-1/2

[Event "4NCL/Div1/WG1-IKHH"]
[Site "Rd8-Birmingham"]
[Date "2000.03.26"]
[Round "8.5"]
[White "Levitt, Jon"]
[Black "Ledger, Andrew"]
[Result "1/2-1/2"]
[WhiteElo "2438"]
[BlackElo "2420"]
[PlyCount "28"]
[EventDate "2000.03.26"]
[SourceDate "2000.01.01"]

1. d4 Nf6 2. c4 g6 3. Nc3 d5 4. Bf4 Bg7 5. e3 O-O 6. Nf3 c5 7. dxc5 Ne4 8. Rc1
Nxc3 9. bxc3 dxc4 10. Qxd8 Rxd8 11. Bxc4 Nd7 12. Bc7 Rf8 13. c6 bxc6 14. O-O
Nb6 1/2-1/2

[Event "4NCL/Div1/WG1-IKHH"]
[Site "Rd8-Birmingham"]
[Date "2000.03.26"]
[Round "8.6"]
[White "Black, Richard"]
[Black "Littlewood, Paul"]
[Result "1/2-1/2"]
[WhiteElo "2254"]
[BlackElo "2411"]
[PlyCount "87"]
[EventDate "2000.03.26"]
[SourceDate "2000.01.01"]

1. e4 c5 2. Nf3 Nc6 3. Nc3 g6 4. d4 cxd4 5. Nxd4 Bg7 6. Be3 Nf6 7. Bc4 O-O 8.
Bb3 d6 9. h3 Bd7 10. O-O Na5 11. Re1 a6 12. Bg5 h6 13. Be3 Rc8 14. Qd3 b5 15.
Rad1 Nc4 16. Bc1 Rc5 17. a4 Qa5 18. axb5 axb5 19. Nf3 Rfc8 20. Nd5 Nxd5 21.
exd5 Nxb2 22. Bxb2 Bxb2 23. Rxe7 Qd8 24. Rde1 Be5 25. R1xe5 dxe5 26. d6 Bf5 27.
Qd2 Qf8 28. Rxf7 Qxf7 29. Bxf7+ Kxf7 30. Qxh6 Ke6 31. Qg7 Kxd6 32. Qf6+ Kc7 33.
Nxe5 Kb7 34. Nxg6 Bxg6 35. Qxg6 Rxc2 36. h4 R8c6 37. Qd3 R2c5 38. g4 b4 39.
Qd7+ Kb6 40. h5 b3 41. Qd2 Rb5 42. Qd8+ Kb7 43. Qd7+ Kb6 44. Qd8+ 1/2-1/2

[Event "4NCL/Div1/WG1-IKHH"]
[Site "Rd8-Birmingham"]
[Date "2000.03.26"]
[Round "8.7"]
[White "Arakhamia, Ketevan"]
[Black "Wade, Robert"]
[Result "1/2-1/2"]
[WhiteElo "2404"]
[BlackElo "2204"]
[PlyCount "62"]
[EventDate "2000.03.26"]
[SourceDate "2000.01.01"]

1. e4 e6 2. d4 d5 3. Nc3 Nf6 4. e5 Nfd7 5. f4 c5 6. Nf3 cxd4 7. Nxd4 Nc6 8. Be3
Nxd4 9. Bxd4 Bc5 10. Qd2 Bxd4 11. Qxd4 Qb6 12. Qxb6 Nxb6 13. O-O-O Bd7 14. b3
Ke7 15. Bd3 h5 16. Ne2 f5 17. exf6+ gxf6 18. Nd4 Rag8 19. Rd2 Rg4 20. Rf2 Rhg8
21. g3 h4 22. gxh4 Rxh4 23. Re1 Kd6 24. c3 Rh3 25. Kd2 Rgh8 26. Nf3 e5 27.
fxe5+ fxe5 28. Nxe5 Rxh2 29. Nf7+ Kc7 30. Nxh8 Rxf2+ 31. Re2 Rxe2+ 1/2-1/2